Loading...
Apne Gireban Mein/
| Main Author: | |
|---|---|
| Format: | Printed Book |
| Published: |
New Delhi:
Radhakrishna,
1999.
|
| Subjects: |
| LEADER | 00521nam a22001571a 4500 | ||
|---|---|---|---|
| 020 | |a 9788171194414 | ||
| 082 | |a H 070.4 |b YAS/A | ||
| 100 | |a Yashwant Vyas |9 109243 | ||
| 245 | |a Apne Gireban Mein/ |c by Yashwant Vyas | ||
| 260 | |a New Delhi: |b Radhakrishna, |c 1999. | ||
| 300 | |a 248p. | ||
| 650 | |a Journalism |9 109244 | ||
| 650 | |a Newspaper Hindi |9 109245 | ||
| 942 | |c BK | ||
| 999 | |c 2615 |d 2615 | ||
| 952 | |0 0 |1 0 |4 0 |6 H_070_400000000000000_YAS_A |7 0 |9 4011 |a SSUS |b SSUS |d 2015-01-08 |g 350.00 |o H 070.4 YAS/A |p 026678 |r 2015-01-08 |v 0.00 |w 2015-01-08 |y BK | ||